<?xml version="1.0" encoding="UTF-8"?>
<record
    xmlns:xsi="http://www.w3.org/2001/XMLSchema-instance"
    xsi:schemaLocation="http://www.loc.gov/MARC21/slim http://www.loc.gov/standards/marcxml/schema/MARC21slim.xsd"
    xmlns="http://www.loc.gov/MARC21/slim">

  <leader>00755nam a2200205 a 4500</leader>
  <controlfield tag="001">BRCA_7058</controlfield>
  <controlfield tag="005">20190321142936.0</controlfield>
  <controlfield tag="008">031211s2010----po-ac#####---#000-0#por-#</controlfield>
  <datafield tag="020" ind1=" " ind2=" ">
    <subfield code="a">9789899577688</subfield>
  </datafield>
  <datafield tag="041" ind1=" " ind2=" ">
    <subfield code="a">por</subfield>
  </datafield>
  <datafield tag="044" ind1=" " ind2=" ">
    <subfield code="a">po</subfield>
  </datafield>
  <datafield tag="050" ind1=" " ind2="4">
    <subfield code="b">.V37 2010</subfield>
  </datafield>
  <datafield tag="100" ind1="1" ind2=" ">
    <subfield code="a">Vasconcelos e Sousa, Gon&#xE7;alo de</subfield>
    <subfield code="9">17540</subfield>
  </datafield>
  <datafield tag="245" ind1="1" ind2="0">
    <subfield code="a">Percursos da Joalharia em Portugal</subfield>
    <subfield code="b">s&#xE9;culos XVIII a XX</subfield>
    <subfield code="c">Gon&#xE7;alo de Vasconcelos e Sousa.</subfield>
  </datafield>
  <datafield tag="260" ind1=" " ind2=" ">
    <subfield code="a">Portugal</subfield>
    <subfield code="b">Centro de Investiga&#xE7;&#xE3;o em Ci&#xEA;ncia e Tecnologia das Artes (CITAR) da Universidade Cat&#xF3;lica Portuguesa</subfield>
    <subfield code="c">2010</subfield>
  </datafield>
  <datafield tag="300" ind1=" " ind2=" ">
    <subfield code="a">379 p.</subfield>
    <subfield code="b">il. (algunas a color)</subfield>
    <subfield code="c">25 cm.</subfield>
  </datafield>
  <datafield tag="500" ind1=" " ind2=" ">
    <subfield code="a">Donaci&#xF3;n de Gon&#xE7;alo de Vasconcelos e Sousa</subfield>
  </datafield>
  <datafield tag="650" ind1="1" ind2="4">
    <subfield code="a">Dise&#xF1;o de joyas</subfield>
    <subfield code="y">Siglo XVIII-XX</subfield>
    <subfield code="z">Portugal</subfield>
    <subfield code="9">17541</subfield>
  </datafield>
  <datafield tag="942" ind1=" " ind2=" ">
    <subfield code="2">lcc</subfield>
    <subfield code="c">B</subfield>
  </datafield>
  <datafield tag="999" ind1=" " ind2=" ">
    <subfield code="c">6739</subfield>
    <subfield code="d">6739</subfield>
  </datafield>
  <datafield tag="952" ind1=" " ind2=" ">
    <subfield code="0">0</subfield>
    <subfield code="1">0</subfield>
    <subfield code="4">0</subfield>
    <subfield code="7">0</subfield>
    <subfield code="a">BRCA</subfield>
    <subfield code="b">BRCA</subfield>
    <subfield code="d">2011-12-03</subfield>
    <subfield code="l">0</subfield>
    <subfield code="o">.V37 2010</subfield>
    <subfield code="p">02689</subfield>
    <subfield code="r">2019-03-22 00:00:00</subfield>
    <subfield code="w">2019-03-22</subfield>
    <subfield code="y">B</subfield>
  </datafield>
</record>
